Normal view
MARC view
- Tupas, Emmanuel.
Entry Personal Name
001 - CONTROL NUMBER
- control field: 46757
003 - CONTROL NUMBER IDENTIFIER
- control field: OSt
005 - DATE AND TIME OF LATEST TRANSACTION
- control field: 20221109141636.0
008 - FIXED-LENGTH DATA ELEMENTS
- fixed length control field: 221109|| aca||aabn | a|a d
040 ## - CATALOGING SOURCE
- Original cataloging agency: OSt
- Transcribing agency: OSt
100 ## - HEADING--PERSONAL NAME
- Personal name: Tupas, Emmanuel.
670 ## - SOURCE DATA FOUND
- Source citation: Work cat.: (OSt): Tupas, Emmanuel., 50,000 police pensioners 'missing' -PNP / , February 21, 2020.
